000 00267nam a2200121Ia 4500
100 _aBalagurusamy/E
942 _cBK
654 _aProgremming
245 _aProgremming In Ansi C
260 _bTata McGraw Hill
_aNew Delhi
_c1992
300 _a411
546 _aENGLISH
999 _c34696
_d34696